000 00353nam a2200121Ia 4500
005 20251222143312.0
008 251222s9999||||xx |||||||||||||| ||spa||
082 _a337.185/B22
100 _aNúñez del Arco, José
245 0 _aLa Integración Latinoamericana en la Década de los Ochenta
264 _bBanco Interamericano de Desarrollo
942 _cLIB
999 _c15751
_d15751